000 00310nam a22001337a 4500
003 SGT
082 _a342.095 4,BAS
100 _aBASU,D.D.
245 _aINTRODUCTION TO THE CONSTITUTION OF INDIA
260 _aGURGAON
_bLEXIS,NEXIS
_c2014
300 _a526
650 _aCONSTITUTION OF INDIA
942 _2ddc
_cBK
999 _c11273
_d11273